Návrh opatrení na zefektívnenie skladového hospodárstva v spoločnosti ANTEC, s. r. o. Považany, prostredníctvom metódy 5S

Gespeichert in:
Bibliographische Detailangaben
1. Verfasser: Minek, Ľudomil (Verfasst von)
Weitere Verfasser: Makyšová, Helena (Betreuung Doktorarbeit)
Format: Manuskript Buch
Sprache:Slowakisch
Veröffentlicht: 2023
Schlagworte:
Online-Zugang:http://is.stuba.sk/zp/portal_zp.pl?podrobnosti=161985
Tags: Tag hinzufügen
Keine Tags, Fügen Sie das erste Tag hinzu!

MARC

LEADER 00000ntm a22000003a 4500
001 stuzp93120
003 SK-STU
005 20230909214055.9
007 ta
008 150427s2015----xo-----f-mn---000-0-slo-d
040 |a STU  |b slo 
041 0 |a slo 
100 1 |a Minek, Ľudomil  |u 064000  |4 aut  |U MTF Materiálovotechnologická fakulta  |T MTF Ústav priemyselného inžinierstva a manažmentu  |X 110243  |U M4000  |Y 84  |7 110243 
242 0 1 |a The Measures Proposal to Waste Removal of Warehouse Management Using 5S Method in ANTEC, s. r. o. Považany  |y eng 
245 1 0 |a Návrh opatrení na zefektívnenie skladového hospodárstva v spoločnosti ANTEC, s. r. o. Považany, prostredníctvom metódy 5S 
260 |c 2023 
650 4 |a skladové hospodárstvo  |2 slo 
650 4 |a plytvanie  |2 slo 
650 4 |a metóda 5S  |2 slo 
650 4 |a Lean manažment  |2 slo 
650 4 |a warehouse management  |2 eng 
650 4 |a waste  |2 eng 
650 4 |a the 5S method  |2 eng 
650 4 |a Lean management  |2 eng 
700 1 |a Makyšová, Helena  |u 064000  |k Z1  |4 ths  |U MTF Materiálovotechnologická fakulta  |T MTF Ústav priemyselného inžinierstva a manažmentu  |X 2772  |U M4000  |Y 84  |7 A000002772 
856 4 |u http://is.stuba.sk/zp/portal_zp.pl?podrobnosti=161985 
996 |c M* BP-9634  |l MMSKP  |s P  |a 0  |w stuzp93120_0001